| 000 | 01941nam0a2200409 4500 | ||
|---|---|---|---|
| 001 | RU\NLR\bibl\1100068 | ||
| 005 | 20260406015335.0 | ||
| 010 | _a978-5-93286-080-9 | ||
| 010 |
_a5-93286-080-4 _93000 |
||
| 021 |
_aRU _b2007-31262 _91660 |
||
| 035 | _a(nilc)RSL-KNO-003119905 | ||
| 035 | _a(NLR Aleph) 001087162 | ||
| 090 |
_a1095295 _c1095295 |
||
| 100 | _a20070522d2007 |||y0rusy50 ca | ||
| 101 | 1 |
_arus _ceng |
|
| 102 | _aRU | ||
| 105 | _aa ||||||||| | ||
| 200 | 1 |
_aMac OS X Tiger _eосновное руководство _fДэвид Пог _g[пер. С. Маккавеева] |
|
| 210 |
_aСанкт-Петербург _aМосква _cСимвол-Плюс _d2007 |
||
| 215 |
_a953 с. _cил. _d24 |
||
| 225 | 1 | _aСамая популярная книга по Макам | |
| 300 | _aЗагл. и авт. ориг.: Mac OS X Tiger Edition / David Pogue | ||
| 320 | _aАлф. указ.: с. 921-953 | ||
| 454 | 0 |
_12001#$aMac OS X Tiger Edition$fDavid Pogue _1700#1$aPogue$bD.$gDavid$f1963-$3RU\NLR\AUTH\770208162$4070 _tMac OS X Tiger Edition _aPogue, David (1963-) |
|
| 606 | 1 |
_aMAC OS X TIGER, операционная система _jРуководства, пособия и т.п. _92479204 _3RU\NLR\auth\661471877 |
|
| 610 | 0 | _aВычислительная техника -- Вычислительные машины электронные цифровые -- Персональные компьютеры -- Программирование -- Операционные системы -- Пособие для специалистов | |
| 610 | 0 | _aMac OS X Tiger | |
| 686 |
_aЗ973.26-018.2,07 _2rubbk |
||
| 686 | _aЗ973.23-018.2я7 | ||
| 700 | 1 |
_4070 _8rus _7ca _aПог _bД. _f1963- _gДэвид _3RU\NLR\AUTH\77120815 _9103740 |
|
| 801 | 0 |
_aRU _bРКП _c20070522 _grcr |
|
| 801 | 1 |
_aRU _bРГБ _c20070522 |
|
| 801 | 2 |
_aRU _bNLR _c20070620 _grcr |
|
| 942 | _cBOOK | ||
| 980 | _aNB | ||